000 00332 a2200157 4500
001 171339
020 _a978-85-220-0934-3
040 _cMagnum
100 _aMazzetti, Maria
240 1 0 _aMaricota sem dona
_lpor
245 1 0 _aMaricota sem dona
300 _a14
362 0 _a2008
697 _aLITERATURA INFANTO
942 _cBK
999 _c171339
_d171339